| 000 | 00350nam a22001457a 4500 | ||
|---|---|---|---|
| 003 | OSt | ||
| 005 | 20220214100000.0 | ||
| 008 | 220214b |||||||| |||| 00| 0 eng d | ||
| 020 | _a8180140075 | ||
| 040 | _cHU | ||
| 082 | _a627.52 | ||
| 100 |
_aArora _928946 |
||
| 245 | _aIrrigation Water Power & Water Resources Engineering | ||
| 942 |
_2ddc _cBOOKS _n0 |
||
| 999 |
_c30127 _d30127 |
||